000 00527nam a2200205 a 4500
001 BRCA_7228
005 20190320205747.0
008 180112s1928----gw-a######---#000-0#ger-#
041 _ager
044 _agw
050 4 _aSK21
_b.B47 1928
100 1 _aBerger, Arthur
_d1871-1946
_917909
245 1 0 _aDie jagd aller volker im wandel der zeit
_cvon Arthur Berger.
260 _aBerlĂ­n
_bP. Parey
_c1928
300 _avii, 530 p.
_bil.
_c27 cm.
500 _aP133
650 1 4 _aCaza
_917910
902 _aGFM
942 _2lcc
_cB
999 _c6909
_d6909